• 首页
  • 本馆介绍
  • 公告通知
  • 最新文献
  • 馆藏检索
  • 电子资源
  • 读者导购
  • 参考咨询
  • 我的图书馆
  • 登录
  • 详细信息显示
  • 放入我的书架
  • 预约/预借图书
  • 作者相关作品
  • 分类相关作品
  • 丛书相关作品
  • 出版社相关作品

书目信息

  • 表格格式
  • 工作单格式
  • 卡片格式
题名:
培养女孩聪明智慧的56个细节
    
 
作者: 胡雪梅 编著
分册:  
出版信息: 北京   北京联合出版公司  2016
页数: 182页
开本: 24cm
丛书名: 完美女孩
单 册:
中图分类: B848.4-49 , G78
科图分类:
主题词: 成功心理--cheng gong xin li--少年读物 , 女性--nv xing--家庭教育
电子资源:
ISBN: 978-7-5502-7316-0
000 00991nam 2200289 450
001 012001003236
005 20130125140206.0
010    @a978-7-5502-7316-0@dCNY31.50
099    @aCAL 012017032398
100    @a20161215d2016 cemy0chiy50 ea
101 0  @achi
102    @aCN@b110000
105    @aa z 000yy
106    @ar
200 1  @a培养女孩聪明智慧的56个细节@Apei yang nv hai cong ming zhi hui de 56 ge xi jie@f胡雪梅编著
210    @a北京@c北京联合出版公司@d2016
215    @a182页@c彩图@d24cm
225 2  @a完美女孩@Awan mei nv hai
330    @a本书讲述了培养女孩聪明智慧的细节和方法,为女孩描绘出了一个聪明智慧女孩所需要的各种素质和能力,使得女孩在良好的教育和熏陶中成就自己的人生。
410  0 @12001 @a完美女孩
606 0  @a成功心理@Acheng gong xin li@j少年读物
606 0  @a女性@Anv xing@x家庭教育
690    @aB848.4-49@v5
690    @aG78@v5
701  0 @a胡雪梅@Ahu xue mei@4编著
801  2 @aCN@b江苏凤凰@c20191020
905    @b1217519-21@dB848.4-49@e3153@f3
    
    培养女孩聪明智慧的56个细节/胡雪梅编著.-北京:北京联合出版公司,2016
    182页:彩图;24cm.-(完美女孩)
    
    
    ISBN 978-7-5502-7316-0:CNY31.50
    本书讲述了培养女孩聪明智慧的细节和方法,为女孩描绘出了一个聪明智慧女孩所需要的各种素质和能力,使得女孩在良好的教育和熏陶中成就自己的人生。
●
相关链接 在E读中查询图书 在五车中查询图书 在当当中查询图书 在豆瓣中查询图书


正题名:培养女孩聪明智慧的56个细节     索取号:B848.4-49/3153         预约/预借

序号 登录号 条形码 馆藏地/架位号 状态 备注
1 1217519   212175199   第一样本阅览室/ [索取号:B848.4-49/3153] 在馆    
2 1217520   212175206   第一借阅区/ [索取号:B848.4-49/3153] 在馆    
3 1217521   212175215   教育系资料室/ [索取号:B848.4-49/3153] 在馆    
唐山师范学院图书馆 欢迎您!
大连网信软件有限公司© 版权所有